000 00380nam a2200145Ia 4500
008 240624s9999 xx 000 0 und d
041 _aeng
082 _a413 OXF
100 _aKUMAR SURESH
245 _aOXFORD ENGLISH ENGLISH HINDI DICTUONARY
250 _a11
260 _c2011
_aNew Delhi
_bOxford University press
300 _axiv, : 1395 : p. : cm. ; 24
365 _cRS
_b32
999 _c17962
_d17962